Älteste Musiker bei Schlag den Star / Schlag den Raab - Statistiken

Allgemein
  • Dieses Quiz wurde 33 mal gespielt
  • Das Durchschnittsergebnis liegt bei 2 aus 15
Antwortstatistiken
Nr. Datum Alter Neuestes Lied Künstler % Korrekt
1 10. Dezember 2016 70 Jahre 207 Tage Stärker als die Zeit Udo Lindenberg
78%
2 11. März 2023 66 Jahre 333 Tage Angstfrei Herbert Grönemeyer
35%
14 12. Januar 2013 50 Jahre 31 Tage Für Frauen ist das kein Problem Max Raabe
22%
4 31. Oktober 2009 60 Jahre 329 Tage Hey, hey Marius Müller-Westernhagen
17%
15 18. September 2010 49 Jahre 231 Tage (Love Is Like A) Heatwave Phil Collins
17%
3 12. März 2022 62 Jahre 127 Tage Never Gonna Rain Bryan Adams
4%
11 17. Dezember 2022 54 Jahre 346 Tage Together We Fly DJ BoBo
4%
12 27. Mai 2023 51 Jahre 88 Tage Nice But No Alec Völkel / Boss Burns
0%
5 01. November 2008 60 Jahre 165 Tage Corporate Cannibal Grace Jones
0%
8 09. November 2019 56 Jahre 248 Tage Thinking of You Ian Kirkham
0%
10 09. November 2019 55 Jahre 52 Tage Thinking of You Kenji Suzuki
0%
7 09. November 2019 58 Jahre 1 Tag Thinking of You Kevin Robinson
0%
6 09. November 2019 59 Jahre 154 Tage Thinking of You Mick Hucknall
0%
13 27. Mai 2023 50 Jahre 171 Tage Nice But No Sascha Vollmer / Hoss Power
0%
9 12. Januar 2013 55 Jahre 295 Tage Für Frauen ist das kein Problem Uli Hoffmeier
0%
Keine übereinstimmenden Quizze gefunden
Verteilung der Resultate
Anzahl Personen mit jedem Resultat
Perzentil nach korrekt beantworteten Fragen
Ihre Resultats-Entwicklung
Sie haben dieses Quiz noch nicht gespielt